000
00292nam a22001337a 4500
008
181012b xxu||||| |||| 00| 0 eng d
020
_a
0714526150
041
_a
eng
080
_a
070
100
_a
40
101
_a
MED
245
_a
Devoding Advertisments
_c
Williamson, J
942
_2
udc
_c
BK
999
_c
49583
_d
49583